Statistics for Names: masculine or feminine?

Click here to take the quiz!

General Stats

  • This quiz has been taken 63 times
  • The average score is 9 of 20

Answer Stats

QuestionAnswer% Correct
GertrudeFeminine
87%
ZeldaFeminine
75%
America / AméricaFeminine
65%
ElikapekaFeminine
55%
YoniMasculine
53%
RagnaFeminine
52%
EmeryMasculine
52%
ZlataFeminine
50%
AngelMasculine
50%
FatmireFeminine
40%
SidneyMasculine
40%
ParisMasculine
40%
ManonFeminine
37%
KaoriFeminine
35%
HyacinthMasculine
35%
VivianMasculine
33%
Mackenzie / MckenzieMasculine
32%
AndreaMasculine
27%
AshleyMasculine
23%
JetFeminine
13%

Score Distribution

Percentile by Number Answered

Percent of People with Each Score

Your Score History

You have not taken this quiz